000 00522nam a2200193 a 4500
001 16935
003 CO-ViMGA
008 141112s2004 ck r 000 u spa d
020 _a8424121384
040 _aCO-ViMGA
_bspa
_cCO-ViMGA
082 0 4 _a796 B664r
100 1 _aBrooke - Ball, Peter
_924001
245 1 0 _aRespuestas para todo deportes
260 _aMadríd (España),
_cEverest,
_c1994
300 _a351.p.
590 _aForma de adquisición : Premio - Mincultura
650 1 4 _aDEPORTES
_948158
942 _2ddc
_cBK
999 _c26568
_d26568